banner-ar

الضغوط النفسية تغلب عليها وابدأ الحياة / (Record no. 37676)

MARC details
000 -الفاتح
حقل البيانات ثابتة الطول 00673nam a2200217Ia 4500
008 - عناصر البيانات ثابتة الطول - معلومات عامة
حقل البيانات ثابتة الطول 140319s9999 xx 000 0 ara d
040 ## - مصدر الفهرسة
وكالة الفهرسة الأصلية GCL /
وكالة النسخ GCL
082 04 - رقم تصنيف ديوى العشرى
رقم التصنيف 158
رقم المادة ف ض
100 1# - المدخل الرئيسى - إسم شخصى
الإسم الشخصى فونتانا، ديفيد
245 10 - بيان العنوان
العنوان الضغوط النفسية تغلب عليها وابدأ الحياة /
بيان المسئوليه,etc فونتانا، ديفيد
700 1# - المدخل الاضافى - اسم شخصى
الإسم الشخصى رضا عبدالله ابو سريع
700 1# - المدخل الاضافى - اسم شخصى
الإسم الشخصى حمدى على الفرماوى
300 ## - الوصف المادى
التعداد 190 ص
490 ## - بيان السلسلة
عنوان السلسلة
650 04 - المدخل الاضافى بالموضوع-مصطلح موضوعى
مصطلح موضوعي علم النفس
650 04 - المدخل الاضافى بالموضوع-مصطلح موضوعى
مصطلح موضوعي العلاقات الانسانية
650 04 - المدخل الاضافى بالموضوع-مصطلح موضوعى
مصطلح موضوعي الشخصية
650 04 - المدخل الاضافى بالموضوع-مصطلح موضوعى
مصطلح موضوعي الضغط الاجتماعى
942 ## - عناصر المدخل الإضافي( كوها)
مصدر التصنيف او مخطط الترفيف Dewey Decimal Classification
Koha [default] item type كتاب
Holdings
حالة التراجع حالة الفقد حالة تلف ليس للاعارة المكان المؤقت الموقع الحالى تاريخ الاكتساب اجمالي اﻻعارات رقم الطلب الباركود تاريخ اخر مشاهدة تاريخ تفعيل السعر نوع وعاء كوها
        مكتبة القاهرة الكبرى مكتبة القاهرة الكبرى 03/26/2014   158\ف ض 92002 03/26/2014 03/26/2014 كتاب
        مكتبة القاهرة الكبرى مكتبة القاهرة الكبرى 03/26/2014   158\ف ض 92003 03/26/2014 03/26/2014 كتاب

Powered By

EGPV